Education for all : the report of the Committee of Inquiry into the education of children from Ethnic minority groups
Αποθηκεύτηκε σε:
| Μορφή: | Βιβλίο |
|---|---|
| Γλώσσα: | English |
| Δημοσίευση: |
London :
H.M.S.O,
1985
|
| Θέματα: | |
| Ετικέτες: |
Προσθήκη ετικέτας
Δεν υπάρχουν, Καταχωρήστε ετικέτα πρώτοι!
|
MARC
| LEADER | 00000nam a2200000 i 4500 | ||
|---|---|---|---|
| 001 | 1/80564 | ||
| 008 | 960611s1985 eng d | ||
| 020 | |a 0-10-194530-2 | ||
| 035 | |a 1990 |b 1 |c Δωρεά |l 10033476 | ||
| 040 | |a GR-MY-UA |b gre |e aacr | ||
| 041 | 0 | |a eng | |
| 082 | 0 | |a 371.96750941 | |
| 245 | 1 | 0 | |a Education for all : |b the report of the Committee of Inquiry into the education of children from Ethnic minority groups |
| 260 | |a London : |b H.M.S.O, |c 1985 | ||
| 300 | |a 806 p. | ||
| 650 | 0 | 0 | |a Children of immigrants |x Education |z Great Britain. |
| 650 | 0 | 0 | |a Minorities |x Education |z Great Britain. |
| 852 | |a INST |b RHODES |e 19960611 |h 371.96750941 EDU |p 005400003514 |q 005400003514 |t BK |y 0 | ||
| 909 | |a Ρ |b 017433 |c 1990 | ||